000 00365nam a22001577a 4500
003 OSt
005 20160511114820.0
008 160511b xxu||||| |||| 00| 0 eng d
020 _a978042521745
040 _cN/A
100 _aHamilton Laurell .K.
245 _aThe harlequin
250 _a1st ed
260 _aNew York
_bBerkley Books
_c2007
942 _2lcc
_cBK
999 _c253513
_d253512